ბათუმის შოთა რუსთაველის სახელმწიფო უნივერსიტეტის ბიბლიოთეკა

Программирование на языке модула 2 (ბიბ.ჩანაწერი № 48239)

000 -LEADER
fixed length control field 00610nam a2200205Ia 4500
001 - CONTROL NUMBER
control field 15123
003 - CONTROL NUMBER IDENTIFIER
control field GE_BSU
008 - FIXED-LENGTH DATA ELEMENTS--GENERAL INFORMATION
fixed length control field 181216s||||||||xx |||||||||||||| ||und||
040 ## - CATALOGING SOURCE
Transcribing agency GE_BSU
080 ## - UNIVERSAL DECIMAL CLASSIFICATION NUMBER
Universal Decimal Classification number 519.85
100 ## - MAIN ENTRY--PERSONAL NAME
Personal name Вирт,Н
245 ## - TITLE STATEMENT
Title Программирование на языке модула 2
245 ## - TITLE STATEMENT
Statement of responsibility, etc. Пер,с английского В,А, Серебрякова,и В,И, Ходукина
260 ## - PUBLICATION, DISTRIBUTION, ETC.
Place of publication, distribution, etc. Москва
260 ## - PUBLICATION, DISTRIBUTION, ETC.
Name of publisher, distributor, etc. Мир
260 ## - PUBLICATION, DISTRIBUTION, ETC.
Date of publication, distribution, etc. 1987
300 ## - PHYSICAL DESCRIPTION
Extent 222стр,21см
653 ## - INDEX TERM--UNCONTROLLED
Uncontrolled term Программирование на языке модула 2
942 ## - ADDED ENTRY ELEMENTS (KOHA)
Koha item type წიგნი
ეგზემპლარები
Withdrawn status Lost status Damaged status Not for loan Date acquired Barcode Date last seen Price effective from Koha item type
        2018-12-17 17911 2018-12-17 2018-12-17 წიგნი